MEMORI seorang rimbawan : Y. Bhg. Datuk Zul Mukhshar bin Dato' Md. Shaari, Ketua Pengarah Perhutanan Semenanjung Malaysia, 16 Januari 1971 - 1 Mei 2003

Bibliographic Details
Format: Book
Published: Kuala Lumpur : Jabatan Perhutanan Semenanjung Malaysia , 2003
Subjects:

MARC

LEADER 00000cam a2200000 7i4500
001 0000002541
005 20030729.0
090 0 0 |a R923.509595   |b MEM 2003 
245 0 0 |a MEMORI seorang rimbawan :   |b Y. Bhg. Datuk Zul Mukhshar bin Dato' Md. Shaari, Ketua Pengarah Perhutanan Semenanjung Malaysia, 16 Januari 1971 - 1 Mei 2003 
260 0 0 |a Kuala Lumpur :   |b Jabatan Perhutanan Semenanjung Malaysia ,   |c 2003 
300 |a iv, 180 p. :   |b col. ill. ;   |c 29x32 cm. 
650 0 0 |a Forests and forestry   |z Malaysia 
650 0 0 |a Public officers   |z Malaysia 
998 |a JPSM 
999 |a 0000004810   |b Monograph   |c Reference   |e Default branch